Psicologa̕ forense Estudi de la mente criminal /

Detalles Bibliográficos
Autor principal: Aristizb̀al Diazgranados, Edith
Formato: eBook
Lenguaje:español
Publicado: Bogot ̀: Ediciones de la U, 2011.
Materias:
Acceso en línea:Acceso restringido

MARC

LEADER 00000nam a22000007a 4500
005 20110902114110.0
008 110902t2011 ck ||||s|||| 001 0 spa d
020 |a 978-958-741-051-8  
035 |a 5569 
040 |a vLex 
090 |c 2349  |d 2349 
100 1 |a Aristizb̀al Diazgranados, Edith 
245 1 0 |a Psicologa̕ forense   |h [Recurso electrn̤ico] :  |b Estudi de la mente criminal /  |c Edith Aristizb̀al Diazgranados  
256 |a Servicio en ln̕ea. 
260 |a Bogot ̀:  |b Ediciones de la U,  |c 2011. 
300 |a 1 recurso electrn̤ico 
500 |a La psicologa̕ forense es una rama de la psicologa̕ que estudia la mente criminal. Esta obra, dirigida a estudiantes y profesionales de la Psicologa̕ y el Derecho, y resultado del trabajo desarrollado en el postgrado en Psicologa̕ Forense de la Universidad del Norte, contiene aspectos ter̤icos relacionados con los factores que influyen en los actos delictivos de un sujeto, as ̕como las concepciones de culpabilidad y responsabilidad, y el psicoanl̀isis y los actos criminales. 
506 1 |a Contenido solo disponible en los productos indicados  |d vLex Global  |d vLex Global (Academic Edition, excluding Law Schools)  |d vLex Global (U.S. Academic Edition, Law Schools)  |d vLex Global (U.S. Academic Edition, excluding Law Schools)  |d vLex Global (Academic Edition, Law Schools) 
650 0 4 |a Psigologa̕ forense  |z Colombia 
740 0 |a vLex Libros (Servicio en ln̕ea) 
856 4 0 |u http://vlex.com/source/psicologia-forense-estudio-mente-criminal-5569  |z Acceso restringido 
942 |c BOOK